00639nam a22002057a 4500999001900000003000400019082002100023100001500044245003300059260009900092300001000191546001200201650001500213650001500228650002200243650001700265650002100282942001200303952011800315 c290898d290898OSt a634.0912bCHA/TE aT.R Chadha aTextbook of Temperate Fruits bA.Chakravarty, Director, Directorate of Information and Publications of Agriculture,ICARc2021 a217p. aEnglish aHarvesting aMaturation aMineral nutrition aInsect pests aClimate and Soil 2ddccBK 00102ddc4070aKAUCLVbKAUCLVcGENERALd2023-12-19g150.00l0o634.0912 CHA/TEp812813r2023-12-19 00:00:00yBK